000 01432nam a2200229Ia 4500
003 Ost
005 20260507075534.0
008 260507s9999||||xx |||||||||||||| ||und||
020 _a977439137
040 _cfsecg
041 _aara
082 _a330
100 _aمسعد، محي الدين
_eمؤلف
245 0 _aعولمة الاقتصاد في الميزان :
_bالايجابيات والسلبيات /
_c محي الدين مسعد
260 _aالاسكندرية:
_bالمكتب الجامعي الحديث,
_c2008
300 _a463 صفحة؛
_bإيضاحات ؛
_c24 سم
504 _aبيبليوغرافيا: ص.439
520 _aيضم دور الشفافية في مواجهة عولمة الفساد، المال في الإسلام ودوره في تنمية الإقتصاد العربي، دور التعليم في تحقيق النموذج الماليزي للتنمية البشرية، البنوك المصرية بين تعثر عملائها وإعادة الهيكلة، دور الرقابة المصرفية في تحقيق الإئتمان والشفافية، دور الدولة المعزز للتنافسية والمانع للإحتكار في مصر، دور الحوكمة في تحقيق الإصلاح الإقتصادي المصري، دور الدولة في سوق المال المصرفية
653 _aالإقتصاد
653 _aالعولمة
942 _cكتاب
999 _c44832
_d44832